Major League Baseball Team Locations - Statistics

General Stats
  • This quiz has been taken 278 times
  • The average score is 22 of 27
Answer Stats
Answer % Correct
New York
96%
Chicago
89%
Miami
89%
Boston
88%
Los Angeles
88%
Houston
87%
San Francisco
87%
Atlanta
86%
Tampa Bay
86%
Texas
84%
San Diego
83%
Seattle
83%
Washington
83%
Arizona
80%
Baltimore
80%
Detroit
80%
Philadelphia
80%
Cleveland
79%
Colorado
77%
Minnesota
77%
Pittsburgh
77%
Toronto
77%
Kansas City
76%
St. Louis
76%
Cincinnati
74%
Milwaukee
72%
Oakland
71%
No matching quizzes found
Score Distribution
Percent of People with Each Score
Percentile by Number Answered
Your Score History
You have not taken this quiz